00526nam a22001691a 45000010005000000030004000050050017000090080041000260200015000670500022000821000018001042450100001222640025002223000019002475000036002666500054003025574OSt20260204212020.0060127s1979||||dr ||||||b||||||||||spa|| a8484010287 aRD 270.7293 N851h aNovel, Carlos aHistoria eclesiástica de arquidiócesis de Santo Domingo Primada de América / Carlos Novel aSanto Domingo : S.N. a435 p. Tomo II aIncluye indice y bibliografía a1.Historia de Iglesia - República DominicanaÌ